MARC

Tag First Indicator Second Indicator Subfields
LEADER 00000cam a22000003i 4500
001 in00002503551
005 20190327173450.0
006 m||||||||d||||||||
007 cr |n ---||a|a
008 960923s1997 nyu sb 001|0 eng d
010 |a  96046534  
020 |a 0679438815 
035 |9 (DLC) 96046534 
035 |a (VaAlASP)ASPS00016337/bltc 
040 |a DLC  |c DLC  |d DLC  |d VaAlASP  |d UtOrBLW 
043 |a n-us--- 
050 0 0 |a KF9223  |b .K43 1997 
082 0 0 |a 345.73/05  |2 21 
100 1 |a Kennedy, Randall,  |d 1954- 
245 1 0 |a Race, crime, and the law /  |c Randall Kennedy. 
250 |a lst ed. 
264 1 |a New York :  |b Pantheon Books,  |c [1997] 
264 4 |c ©1997 
300 |a xiv, 538 pages ;  |c 25 cm. 
336 |a text  |b txt  |2 rdacontent 
337 |a computer  |b c  |2 rdamedia 
338 |a online resource  |b cr  |2 rdacarrier 
504 |a Includes bibliographical references (pages 474-513) and index. 
533 |a Electronic reproduction.  |b Alexandria, VA :  |c Alexander Street Press,  |d 2006.  |f (Black thought and culture).  |n Available via World Wide Web. 
500 |a Electronic resource. 
650 0 |a Discrimination in criminal justice administration  |z United States. 
650 0 |a African Americans  |x Civil rights. 
650 0 |a African American criminals. 
655 0 |a Electronic books. 
776 1 |c Original  |z 0679438815  |w (DLC) 96046534  
830 0 |a Black thought and culture. 
856 4 0 |z Connect to the full text of this electronic book  |u http://proxy.library.tamu.edu/login?url=http://www.aspresolver.com/aspresolver.asp?BLTC;S16337  |t 0 
999 |a MARS 
999 f f |s 3d17dcbf-51b5-3775-91ea-95a8eadf027b  |i cd816c31-16d5-3757-aa84-e4eef705076c  |t 0 
952 f f |a Texas A&M University  |b College Station  |c Electronic Resources  |d Available Online  |t 0  |e KF9223 .K43 1997  |h Library of Congress classification 
998 f f |a KF9223 .K43 1997  |t 0  |l Available Online